| 000 | 00725nam a2200253 4500 | ||
|---|---|---|---|
| 001 | 2039 | ||
| 010 | _a9789899265080 | ||
| 021 |
_aPT _b548243/25 |
||
| 090 | _a2039 | ||
| 100 | _a20260130d2025 bc|y0pory50030103ba | ||
| 101 | _apor | ||
| 102 | _aPT | ||
| 200 |
_aEste é o Gus _ftexto e il. Chris Chatterton _gtrad. Catarina Pedro |
||
| 205 | _a1ª edição | ||
| 210 |
_aCosta da Caparica _cThe Poets and Dragons Society _d2025 |
||
| 215 |
_a[28] p. _ctodo il. _d28 cm |
||
| 300 | _aBMB-Registado | ||
| 304 | _aTít. orig.: This is Gus | ||
| 606 |
_9863 _aLiteratura Infantil |
||
| 675 |
_a087.5 _vBMB _zpor |
||
| 700 |
_aChatterton _bChris _92922 |
||
| 702 |
_aPedro _bCatarina _f1989- _4730 _92923 |
||
| 801 |
_aPT _bBMB _gRPC |
||
| 990 | _cLIVROS | ||